000 00519nam a2200181Ia 4500
005 20250508155316.0
008 008 250505s9999 xx 000 0 eng d
037 _aTextual
040 _aFEDL
_beng
_cFEDL
041 _aeng
_2eng
084 _a379.3, UNI
_qFEDL
245 0 _aSurvey of the public schools of the philippines 1960
245 0 _cUnited States Operations Mission to the Philippines
260 _c1960
300 _axxi,594p.
942 _cTEXL
_h379.3, UNI
999 _c1355972
_d1355972